Statistiche per Comuni della Provincia di Venezia

Clicka qui per fare il quiz!

Statistiche generali

  • Questo quiz è stato fatto 48 volte
  • Il punteggio medio è 21 su 44

Statistiche sulle risposte

Comune% Corretto
Chioggia
90%
Mira
88%
Venezia
85%
Dolo
83%
Jesolo
78%
Mirano
78%
Noale
78%
San Donà di Piave
71%
Spinea
68%
Caorle
66%
Cavallino-Treporti
63%
Portogruaro
61%
Eraclea
59%
Scorzè
59%
Martellago
56%
Santa Maria di Sala
56%
Cavarzere
51%
Marcon
51%
Quarto d'Altino
51%
Stra
51%
Campagna Lupia
46%
Noventa di Piave
46%
Salzano
46%
Fossò
44%
Camponogara
41%
Cona
41%
San Michele al Tagliamento
41%
Campolongo Maggiore
39%
Vigonovo
39%
Pianiga
37%
San Stino di Livenza
37%
Ceggia
32%
Concordia Sagittaria
32%
Meolo
32%
Annone Veneto
29%
Fossalta di Piave
29%
Fossalta di Portogruaro
29%
Musile di Piave
29%
Cinto Caomaggiore
27%
Fiesso d'Artico
27%
Gruaro
27%
Torre di Mosto
22%
Teglio Veneto
20%
Pramaggiore
12%

Distribuzione punteggi

Percentile per numero di risposta

Percentuale di utenti per punteggio

I tuoi punteggi nel tempo

Non hai fatto questo quiz